000 00424nam a2200145Ia 4500
008 210716s2006 xx 000 0 und d
020 _a8131404005
041 _aeng
082 _a005.1 SHEJ
100 _aSheshasaayee, J G.
245 _aSoftware engineering: concepts and applications.
_bConcepts and applications.
260 _aIndia
_bICFAI University Press
_c2006
300 _axi,254
650 _aSoftware Engineering
999 _c202422
_d202422